Top 100 Most Hated Foods - Statistics

General Stats
  • This quiz has been taken 221 times
  • The average score is 11 of 100
Answer Stats
Hint Food/Drink % Correct
Fruit or Vegetable Tomato
54%
Vegetable Brussels Sprouts
53%
Fruit Pineapple
53%
Cheese Blue Cheese
45%
Meat Fish
33%
Vegetable Peas
32%
Meat Liver
29%
Vegetable Cucumber
28%
Vegetable Spinach
28%
Vegetable Cauliflower
26%
Vegetable Garlic
26%
Dried Fruit Raisins
26%
Fruit Watermelon
23%
Vegetable Olive
22%
Vegetable Avocado
21%
Vegetable Anchovies
20%
Cheese Form Cottage Cheese
20%
Contaminants Mayonnaise
20%
Vegetable Beets
19%
Fruit Blueberry
19%
Dressing Ranch
19%
Fruit Plum
18%
Fruit Apricot
17%
Topical Fruit Dragon Fruit
17%
Fruit Papaya
17%
Dried Prunes
17%
Cheese Brie
16%
Fruit Dates
16%
Fruit Raspberry
16%
Fruit Apples
14%
Fruit Bananas
14%
Rice Type Brown Rice
14%
Fruit Cherry
14%
Drink Coffee
14%
Salted Fermented Vegetables Kimchi
14%
Candy Licorice
14%
Vegetable Raddish
14%
Meat Sardines
14%
Squash Butternut Squash
11%
Fruit or Vegetable Drink Tomato Juice
11%
Tropical Fruit Guava
10%
Vegetable Sweet Potato
10%
Vegetable Turnip
10%
Milk Goat Milk
9%
Dip Hummus
9%
Vegetable Burger Veggie Burger
9%
Cheese Camembert
8%
Fruit or Vegetable Figs
8%
Vegetable Okra
8%
Dessert Pumpkin Pie
8%
Candy Candy Corn
7%
Vegetable Leeks
7%
Vegetable Lima Beans
7%
Pizza Type Pineapple Pizza
7%
Vegetable Rhubarb
7%
Nut Walnuts
7%
Vegetable Artichokes
5%
Breakfast Sandwhich BLT
5%
Egg Type Hard Boiled Eggs
5%
Juice Lemon Juice
5%
Vegetable Yam
5%
Nut Brazil Nuts
4%
Juice Grapefruit Juice
4%
Vegetable Parsnips
4%
Squash Acorn Squash
2%
Meat Canned Tuna
2%
Dessert Carrot Cake
2%
Seasoning Cayenne Pepper
2%
Meat Chicken Breast
2%
Vegetable Jicama
2%
Meat Kangaroo
2%
Cheese Moldy Cheese
2%
Meat Pigeon
2%
Dried Fruit or Vegetable Sun Dried tomato
2%
Contaminants Tabasco
2%
Wrap/Roll Tacos
2%
Exotic Vegetable Ambrosia
1%
Dessert Baked Alaska
1%
Meat burger Bison Burger
1%
Tropical Fruit Bitter Melon
1%
Vegetable Black eyed Peas
1%
Cheese Casu Marzu
1%
Vegetable Ceviche
1%
Peanut Type Circus Peanuts
1%
Contaminants Dijon Mustard
1%
Pumpkin Fluted Pumpkin
1%
Milk Form Fried Milk
1%
Squash Hubbard Squash
1%
Meat Lionfish
1%
Tropical Fruit Pink Grapefruit
1%
Fruit Red Grapes
1%
Contaminants Sriracha
1%
Meat Sandwhich Tuna Sandwhich
1%
Juice Watermelon Juice
1%
Vegetable Cucumbers
0%
Vegetable Ghost Peppers
0%
Vegetable Habaneoro Peppers
0%
Drink Mocha Tea
0%
Vegetable Soy-sage
0%
Meat Wild Sockeye Salmon Sushi
0%
No matching quizzes found
Score Distribution
Percent of People with Each Score
Percentile by Number Answered
Your Score History
You have not taken this quiz